Statystyki dla Przystanki linii tramwajowej 1 w Toruniu

Kliknij tutaj aby rozwiązać quiz!

Ogólne statystyki

  • Ten quiz został rozwiązany 68 razy
  • Średni wynik to 14 z 24

Statystyki odpowiedzi

Odpowiedź% Poprawnych
Olimpijska
90%
Uniwersytet
79%
Aleja Solidarności
75%
Gołębia
75%
Targowa
71%
Aula UMK
69%
Plac św. Katarzyny
67%
Dworzec Miasto
65%
Od Nowa
65%
Osiedle Młodych
60%
Jamontta
58%
Kraszewskiego
58%
Akademiki
56%
Fałata
56%
Ligi Polskiej
54%
Plac Daszyńskiego
54%
Sienkiewicza
54%
Przy Skarpie
52%
Ślaskiego
52%
Wyszyńskiego
52%
Rydygiera
50%
Kosynierów Kościuszkowskich
48%
Wały gen. Sikorskiego
44%
Okrężna
38%

Rozkład punktacji

Percentyl według liczby udzielonych odpowiedzi

Procent ludzi z każdym wynikiem

Twoja historia wyników

Nie rozwiązałeś tego quizu